000 00745nam a2200229Ii 4500
003 JO-AjNU
008 230605s9999||||xx |||||||||||||| ||und||
017 _a2015/1/327
020 _a978-9957-98-108-2
040 _aJO-AjNU
_bara
_erda
_cJO-AjNU
041 _aara
050 1 4 _aCB151.N3436 2019
100 3 _aالنهار، عمار محمد,
_eauthor
_960780
245 0 0 _aالمدخل الى تاريخ الحضارات
250 _aط1
264 3 1 _aعمان: دار الاعصار العلمي للنشر والتوزيع، 2019
300 _a455ص
336 _atext
_btxt
_2rdacontent
337 _aunmediated
_bn
_2rdamedia
338 _avolume
_bnc
_2rdacarrier
650 4 _aالتاريخ القديم-الحضارات
_960781
999 _aA27430
_c30998
_d30998